Normal view
MARC view
- Davao City (Philippines) -- History.
Entry Topical Term
001 - CONTROL NUMBER
- control field: 42347
003 - CONTROL NUMBER IDENTIFIER
- control field: OSt
005 - DATE AND TIME OF LATEST TRANSACTION
- control field: 20201014160307.0
008 - FIXED-LENGTH DATA ELEMENTS
- fixed length control field: 201014|| aca||aabn | a|a d
040 ## - CATALOGING SOURCE
- Original cataloging agency: OSt
- Transcribing agency: OSt
150 ## - HEADING--TOPICAL TERM
- Topical term or geographic name entry element: Davao City (Philippines) -- History.
670 ## - SOURCE DATA FOUND
- Source citation: Work cat.: (OSt): editorial board, Gloria P. Dabbay, Enrica O. Babao. 42346, Davao historical progress: , c2001.
